000 00575nam a22002057a 4500
005 20220718145700.0
008 220718b ||||| |||| 00| 0 eng d
040 _cAloy
041 _aeng
082 _223
_a359
_bINDB
100 _aIndian Navy
_950763
245 _aBridges of friendship: International Fleet Review Mumbai 2001
260 _aMumbai:
_bInternational Fleet Review
_c2001
300 _a176p.
_bHB
_c33x23cm.
365 _2Others
650 _aNaval Forces
_950541
650 _aMilitary Science
_950542
700 _aINDIAN NAVY
_950543
942 _2ddc
_cGF
999 _c223921
_d223921